NFL Week 6 Fantasy Leaders 2025-2026 - Statistics

General Stats
  • This quiz has been taken 192 times
  • The average score is 11 of 20
Answer Stats
Position Points Player % Correct
RB 35.8 Bijan Robinson
84%
WR 25.1 Ja'Marr Chase
74%
RB 23.7 Jonathan Taylor
74%
QB 31.5 Patrick Mahomes
74%
RB 33.9 Rico Dowdle
70%
RB 24.1 Christian McCaffrey
69%
WR 30.2 Jaxon Smith-Njigba
62%
WR 31.8 Drake London
56%
QB 27.2 Drake Maye
56%
WR 31.8 George Pickens
54%
RB 31 De'Von Achane
52%
RB 31 Cam Skattebo
51%
QB 23.5 Daniel Jones
49%
RB 32 Josh Jacobs
49%
QB 23.6 Jaxson Dart
42%
RB 25.5 D'Andre Swift
34%
TE 26 Dallas Goedert
30%
WR 23 Ladd McConkey
25%
WR 26.3 Kayshon Boutte
24%
WR 23 Brian Thomas Jr.
22%
No matching quizzes found
Score Distribution
Percent of People with Each Score
Percentile by Number Answered
Your Score History
You have not taken this quiz